School of thought : 101 great liberal thinkers /

Bibliographic Details
Main Author: Butler, Eamonn, (Author)
Format: eBook
Language:English
Published: London, England : Institute of Economic Affairs, [2019]
Subjects:
Online Access:Click to View
LEADER 01571nam a2200397 i 4500
001 EBC6798771
003 MiAaPQ
005 20220602160719.0
006 m o d |
007 cr cnu||||||||
008 220602s2019 enk o 000 0 eng d
020 |z 9780255367769  |q (print) 
020 |a 9780255367783  |q (electronic bk.) 
035 |a (MiAaPQ)EBC6798771 
035 |a (Au-PeEL)EBL6798771 
035 |a (OCoLC)1285167661 
040 |a MiAaPQ  |b eng  |e rda  |e pn  |c MiAaPQ  |d MiAaPQ 
050 4 |a JC574  |b .B885 2019 
082 0 |a 320.51  |2 23 
100 1 |a Butler, Eamonn,  |e author. 
245 1 0 |a School of thought :  |b 101 great liberal thinkers /  |c Eamonn Butler. 
264 1 |a London, England :  |b Institute of Economic Affairs,  |c [2019] 
264 4 |c Ã2019 
300 |a 1 online resource (209 pages) 
336 |a text  |b txt  |2 rdacontent 
337 |a computer  |b c  |2 rdamedia 
338 |a online resource  |b cr  |2 rdacarrier 
588 |a Description based on print version record. 
590 |a Electronic reproduction. Ann Arbor, MI : ProQuest, 2018. Available via World Wide Web. Access may be limited to ProQuest affiliated libraries. 
650 0 |a Liberalism. 
650 0 |a Economic history. 
650 0 |a Free enterprise. 
655 4 |a Electronic books. 
776 0 8 |i Print version:  |a Butler, Eamonn.  |t School of thought : 101 great liberal thinkers.  |d London, England : Institute of Economic Affairs, c2019   |h 209 pages   |z 9780255367769 
797 2 |a ProQuest (Firm) 
856 4 0 |u https://ebookcentral.proquest.com/lib/matrademy/detail.action?docID=6798771  |z Click to View